El análisis de la realidad social : Métodos y técnicas de investigación / Manuel García Ferrando, Jesús Ibáñez y Francisco Alvira, Compiladores (Registro nro. 41098)
[ vista simple ]
| 000 -LÍDER | |
|---|---|
| Campo fijo de descripción fija | 007110000a22002050004500 |
| 020 ## - NÚMERO INTERNACIONAL NORMALIZADO PARA LIBROS | |
| Número Internacional Normalizado del libro | 84-206-8663-8 |
| 041 0# - CÓDIGO DE IDIOMA | |
| Código de idioma para texto/pista de sonido o título separado | |
| 082 04 - NÚMERO DE CLASIFICACIÓN DECIMAL DEWEY | |
| Número de clasificación | G 301.018 G215a |
| 001 - NÚMERO DE CONTROL | |
| Campo de control | 12069 |
| 245 10 - TÍTULO | |
| Título del Material | El análisis de la realidad social : Métodos y técnicas de investigación / Manuel García Ferrando, Jesús Ibáñez y Francisco Alvira, Compiladores |
| 250 ## - MENCIÓN DE EDICIÓN | |
| Mención de edición | 3ª ed. rev. |
| 260 ## - PUBLICACIÓN, DISTRIBUCIÓN, ETC. (PIE DE IMPRENTA) | |
| Lugar de publicación, distribución, etc. | Madrid, España : Alianza |
| 300 ## - DESCRIPCIÓN FÍSICA | |
| Extensión | 682 Pag. |
| 336 ## - CONTENT TYPE | |
| Content type term | texto |
| Content type code | txt |
| Source | rdacontent |
| 337 ## - MEDIA TYPE | |
| Source | rdamedia |
| Media type term | sin mediación |
| Media type code | n |
| 338 ## - CARRIER TYPE | |
| Source | rdacarrier |
| Carrier type term | volumen |
| Carrier type code | nc |
| 505 00 - NOTA DE CONTENIDO | |
| Nota de contenido con formato preestablecido | El diseño de la investigación social; La obtención de datos; El análisis de datos |
| 650 14 - ASIENTO SECUNDARIO DE MATERIA - TERMINO TEMÁTICO | |
| Término temático o nombre geográfico como elemento de entrada | CIENCIAS SOCIALES - METODOLOGIA |
| 942 ## - TIPO DE MATERIAL (KOHA) | |
| Tipo de Item KOHA | Libros General |
| Estado de Material | Estado de Perdido | Estado de Dañado | No para Préstamo | Colección | Tomo | Biblioteca de Origen | Biblioteca Permanente | Fecha de Adquisición | Total de Préstamos | Signatura Topográfica | Código de Barras | Última vez visto | Última vez Préstado | Ejemplar/Existencia | Fecha de Remplazo | Tipo de Material |
|---|---|---|---|---|---|---|---|---|---|---|---|---|---|---|---|---|
| Colección General | Biblioteca FUSBC | Biblioteca FUSBC | 09/03/2005 | 1 | G 301.018 G215a | 15158 | 03/03/2020 | 21/02/2020 | 1 | 26/01/2016 | Libros General |
